书目信息 |
| 题名: |
广告与营销风控
|
|
| 作者: | 王东旭 著 | |
| 分册: | ||
| 出版信息: | 北京 机械工业出版社 2024.11 |
|
| 页数: | 282页 | |
| 开本: | 24cm | |
| 丛书名: | ||
| 单 册: | ||
| 中图分类: | F713.86 | |
| 科图分类: | ||
| 主题词: | 广告--市场营销学 | |
| 电子资源: | ||
| ISBN: | 978-7-111-76402-1 | |
| 000 | 01326nam0 2200241 450 | |
| 001 | 012770557 | |
| 005 | 20251022182715.26 | |
| 010 | @a978-7-111-76402-1@dCNY99.00 | |
| 100 | @a20241017d2024 em y0chiy0120 ea | |
| 101 | 0 | @achi |
| 102 | @aCN@b110000 | |
| 105 | @aa z 000yy | |
| 106 | @ar | |
| 200 | 1 | @a广告与营销风控@9guang gao yu ying xiao feng kong@e方法与实践@dAdvertising and marketing risk control@f王东旭著@zeng |
| 210 | @a北京@c机械工业出版社@d2024.11 | |
| 215 | @a282页@c图@d24cm | |
| 330 | @a本书从技术和业务角度全面阐述互联网广告与营销的黑灰产业链,以及应对各种风险的风控思路和解决方案。在业务层面,结合行业发展现状以及当前AIGC技术快速爆发的背景,对广告与营销领域的黑灰产业链进行了深入剖析,特别是人、货、场之间的博弈关系,以及商家、渠道、用户、平台等不同参与方的利益链等。在技术层面,基于前置的业务剖析,深入探讨了基于概率统计、近邻算法、图分析和时序分析等异常检测方法,并结合内容风控技术,提供了一套立体的面向互联网广告与营销场景的风控解决方案。每一章都结合了理论与实践,通过丰富的案例分析,帮助读者深入理解风控技术的应用,并掌握如何应对AIGC时代广告与营销领域的新挑战。 | |
| 510 | 1 | @aAdvertising and marketing risk control@zeng |
| 606 | 0 | @a广告@x市场营销学 |
| 690 | @aF713.86@v5 | |
| 701 | 0 | @a王东旭@9wang dong xu@4著 |
| 801 | 0 | @aCN@c20250905 |
| 905 | @a河南城建学院图书馆@dF713.86@eW157@ZW157@f1 | |
| 广告与营销风控:方法与实践=Advertising and marketing risk control/王东旭著.-北京:机械工业出版社,2024.11 |
| 282页:图;24cm |
| ISBN 978-7-111-76402-1:CNY99.00 |
| 本书从技术和业务角度全面阐述互联网广告与营销的黑灰产业链,以及应对各种风险的风控思路和解决方案。在业务层面,结合行业发展现状以及当前AIGC技术快速爆发的背景,对广告与营销领域的黑灰产业链进行了深入剖析,特别是人、货、场之间的博弈关系,以及商家、渠道、用户、平台等不同参与方的利益链等。在技术层面,基于前置的业务剖析,深入探讨了基于概率统计、近邻算法、图分析和时序分析等异常检测方法,并结合内容风控技术,提供了一套立体的面向互联网广告与营销场景的风控解决方案。每一章都结合了理论与实践,通过丰富的案例分析,帮助读者深入理解风控技术的应用,并掌握如何应对AIGC时代广告与营销领域的新挑战。 |
| ● |
| 相关链接 |
|
|
|
正题名:广告与营销风控
索取号:F713.86/W157
 
预约/预借
| 序号 | 登录号 | 条形码 | 馆藏地/架位号 | 状态 | 备注 |
| 1 | 1631225 | 216312256 | 社科库409/409社科库 44排7列4层/ [索取号:F713.86/W157] | 在馆 |